Conferencias de extensión de la enseñanza secundaria. (Record no. 19829)
[ view plain ]
| 000 -LEADER | |
|---|---|
| fixed length control field | 01020cam a22002531i 4500 |
| 001 - CONTROL NUMBER | |
| control field | e 15001128 |
| 003 - CONTROL NUMBER IDENTIFIER | |
| control field | DLC |
| 005 - DATE AND TIME OF LATEST TRANSACTION | |
| control field | 20260227111204.0 |
| 008 - FIXED-LENGTH DATA ELEMENTS--GENERAL INFORMATION | |
| fixed length control field | 780228s1913 ag a 001 0 spa c |
| 010 ## - LIBRARY OF CONGRESS CONTROL NUMBER | |
| LC control number | e 15001128 |
| 035 ## - SYSTEM CONTROL NUMBER | |
| System control number | (OCoLC)3676489 |
| 040 ## - CATALOGING SOURCE | |
| Original cataloging agency | Library, U. S. Office of Education |
| Transcribing agency | DNIE |
| Modifying agency | DLC |
| 042 ## - AUTHENTICATION CODE | |
| Authentication code | premarc |
| 050 00 - LIBRARY OF CONGRESS CALL NUMBER | |
| Classification number | LC5255.A7 |
| Item number | A3 |
| 110 1# - MAIN ENTRY--CORPORATE NAME | |
| Corporate name or jurisdiction name as entry element | Argentine Republic. |
| Subordinate unit | Direcciòn General de Ense ñanza Secundaria, Normal y Especial. |
| 245 10 - TITLE STATEMENT | |
| Title | Conferencias de extensión de la enseñanza secundaria. |
| 260 ## - PUBLICATION, DISTRIBUTION, ETC. | |
| Place of publication, distribution, etc. | Buenos Aires : |
| Name of publisher, distributor, etc. | Talleres gráficos de la Penitenciaría nacional, |
| Date of publication, distribution, etc. | 1913. |
| 300 ## - PHYSICAL DESCRIPTION | |
| Extent | 2 p. l., [7]-369 p., 1 l. : |
| Other physical details | ill., diagrs. |
| 500 ## - GENERAL NOTE | |
| General note | At head of title: República argentina. Ministerio de justicia e instrucción pública. Dirección general de enseñanza secundaria y especial. |
| 500 ## - GENERAL NOTE | |
| General note | Includes index. |
| 650 #0 - SUBJECT ADDED ENTRY--TOPICAL TERM | |
| Topical term or geographic name entry element | Education |
| Geographic subdivision | Argentina. |
| 650 #0 - SUBJECT ADDED ENTRY--TOPICAL TERM | |
| Topical term or geographic name entry element | Education, Secondary. |
| 710 1# - ADDED ENTRY--CORPORATE NAME | |
| Corporate name or jurisdiction name as entry element | Argentina. |
| Subordinate unit | Ministerio de Justicia e Instrucción Pública. |
No items available.